[Event "Thessaloniki/Chalkidiki-chT"]
[Site "Thessaloniki/Chalkidiki"]
[Date "2019.02.10"]
[Round "4.3"]
[White "Stavrakakis, Vasilios"]
[Black "Magalakis, Stefanos"]
[Result "1-0"]
[WhiteElo "2102"]
[BlackElo "1668"]
[PlyCount "71"]
[EventDate "2019.01.13"]
[EventType "team-tourn"]
[EventRounds "9"]
[EventCountry "GRE"]
[SourceTitle "EXT 2020"]
[Source "ChessBase"]
[SourceDate "2019.10.17"]
[SourceVersion "1"]
[SourceVersionDate "2019.10.17"]
[SourceQuality "1"]
[WhiteTeam "Thessaloniki Aris"]
[BlackTeam "Kalamarias Han"]
[WhiteTeamCountry "GRE"]
[BlackTeamCountry "GRE"]

1. e4 c5 2. c3 d5 3. exd5 Qxd5 4. d4 Nc6 5. dxc5 Qxd1+ 6. Kxd1 e5 7. b4 Bf5 8. Bb5 Nf6 9. Nf3 0-0-0+ 10. Ke2 Nd5 11. Bxc6 bxc6 12. Bd2 f6 13. Na3 g5 14. Rhd1 g4 15. Ne1 Be7 16. Nc4 Kc7 17. Na5 Be6 18. g3 f5 19. c4 Nf6 20. Bc3 Nd7 21. f4 Bf6 22. Rd6 exf4 23. Rxc6+ Kb8 24. Bxf6 Nxf6 25. Rxe6 f3+ 26. Kf1 Rd2 27. Rxf6 Re8 28. Nxf3 gxf3 29. Re1 Rxe1+ 30. Kxe1 Rxh2 31. Nc6+ Kb7 32. b5 Rxa2 33. Rf7+ Ka8 34. b6 axb6 35. cxb6 Rb2 36. Ra7# 1-0

[Event "Thessaloniki Triandria op 5th"]
[Site "Thessaloniki"]
[Date "2012.04.21"]
[Round "5"]
[White "Stavrakakis, Vasilios"]
[Black "Drakaki, Anna Maria"]
[Result "1-0"]
[WhiteElo "2148"]
[BlackElo "1834"]
[PlyCount "59"]
[EventDate "2012.04.17"]
[EventType "swiss"]
[EventRounds "7"]
[EventCountry "GRE"]
[SourceTitle "EXT 2014"]
[Source "ChessBase"]
[SourceDate "2013.11.20"]
[SourceVersion "1"]
[SourceVersionDate "2013.11.20"]
[SourceQuality "1"]

1. e4 c6 2. c4 d5 3. cxd5 cxd5 4. exd5 Nf6 5. Bb5+ Nbd7 6. Nc3 a6 7. Qa4 Rb8 8. Bxd7+ Bxd7 9. Qb3 Bf5 10. Nf3 Qc7 11. 0-0 Bd3 12. Re1 Bc4 13. d6 Qc8 14. Qb4 Be6 15. d4 Qc4 16. Qa3 exd6 17. d5 Nxd5 18. Re4 Qc6 19. Nd4 Qc5 20. Nxe6 Qxa3 21. Nxd5 Qd3 22. Nc5+ Qxe4 23. Nxe4 Kd7 24. Be3 f5 25. Nb6+ Ke6 26. Ng5+ Ke7 27. Rc1 h6 28. Rc7+ Ke8 29. Ne6 Rg8 30. Nd7 1-0

[Event "Thessaloniki Triandria op 5th"]
[Site "Thessaloniki"]
[Date "2012.04.18"]
[Round "2"]
[White "Stamoulas, Nikolaos"]
[Black "Stavrakakis, Vasilios"]
[Result "1-0"]
[WhiteElo "1761"]
[BlackElo "2148"]
[PlyCount "87"]
[EventDate "2012.04.17"]
[EventType "swiss"]
[EventRounds "7"]
[EventCountry "GRE"]
[SourceTitle "EXT 2014"]
[Source "ChessBase"]
[SourceDate "2013.11.20"]
[SourceVersion "1"]
[SourceVersionDate "2013.11.20"]
[SourceQuality "1"]

1. e4 d5 2. exd5 Nf6 3. Nc3 Nxd5 4. Nxd5 Qxd5 5. Qf3 Qe5+ 6. Ne2 Nc6 7. c3 Bf5 8. d4 Qe4 9. Qxe4 Bxe4 10. Ng3 Bg6 11. f4 e6 12. d5 Ne7 13. dxe6 fxe6 14. Bc4 Nd5 15. Bd2 Bd6 16. Rf1 0-0 17. Bxd5 exd5 18. 0-0-0 Bd3 19. Rf3 Bc4 20. b3 Bb5 21. Re1 a5 22. f5 a4 23. b4 Rf7 24. Bf4 Bxf4+ 25. Rxf4 Bd7 26. Re5 Raf8 27. Rxd5 Be6 28. Rd2 Bxf5 29. Nxf5 Rxf5 30. Rxf5 Rxf5 31. Rd8+ Rf8 32. Rxf8+ Kxf8 33. c4 Ke7 34. Kb2 Ke6 35. Ka3 Ke5 36. Kxa4 Kd4 37. Kb5 h5 38. c5 Kd5 39. h4 g6 40. g3 Ke6 41. c6 b6 42. Ka6 Kd6 43. Kb7 b5 44. a3 1-0

[Event "Kavala op 15th"]
[Site "Kavala"]
[Date "2006.07.04"]
[Round "1"]
[White "Stavrakakis, Vasilios"]
[Black "Banikas, Hristos"]
[Result "0-1"]
[WhiteElo "2216"]
[BlackElo "2576"]
[PlyCount "54"]
[EventDate "2006.07.04"]
[EventType "swiss"]
[EventRounds "9"]
[EventCountry "GRE"]
[SourceTitle "CBM 113 Extra"]
[Source "ChessBase"]
[SourceDate "2006.09.14"]
[SourceVersion "1"]
[SourceVersionDate "2006.09.14"]
[SourceQuality "1"]

1. c4 g6 2. g3 c5 3. Bg2 Bg7 4. Nf3 Nc6 5. 0-0 e5 6. Nc3 Nge7 7. e4 0-0 8. d3 d6 9. Be3 Nd4 10. Qd2 f5 11. Bg5 Ne6 12. Bxe7 Qxe7 13. Nd5 Qd8 14. h3 f4 15. g4 h5 16. Ne1 hxg4 17. hxg4 Bf6 18. Nc2 Bh4 19. Bf3 Ng5 20. Qe2 Nxf3+ 21. Qxf3 Qg5 22. Rfc1 Bxg4 23. Qg2 f3 24. Qh2 Bh3+ 25. Kh1 Bg2+ 26. Kg1 Rf7 27. Nce3 Rh7 0-1

[Event "Lefkos Pyrgos int 7th"]
[Site "Thessaloniki"]
[Date "2003.12.22"]
[Round "4"]
[White "Stavrakakis, Vasilios"]
[Black "Simeonidis, Ioannis"]
[Result "1/2-1/2"]
[WhiteElo "2218"]
[BlackElo "2340"]
[PlyCount "121"]
[EventDate "2003.12.20"]
[EventType "swiss"]
[EventRounds "9"]
[EventCountry "GRE"]
[SourceTitle "CBM 097 Extra"]
[Source "ChessBase"]
[SourceDate "2004.01.13"]
[SourceVersion "1"]
[SourceVersionDate "2004.01.13"]
[SourceQuality "1"]

1. e4 d5 2. exd5 Qxd5 3. Nc3 Qd6 4. d4 Nf6 5. Nf3 c6 6. Ne5 Nbd7 7. Bf4 Nxe5 8. dxe5 Qb4 9. Qd2 Nd5 10. Nxd5 Qxd2+ 11. Bxd2 cxd5 12. 0-0-0 Bd7 13. Be3 e6 14. g3 b5 15. f4 a5 16. f5 Rc8 17. fxe6 fxe6 18. Bd3 Bc5 19. Bxc5 Rxc5 20. Rhf1 Ke7 21. Rf4 Be8 22. Rdf1 h6 23. Kd2 g5 24. Rd4 Rf8 25. Rxf8 Kxf8 26. h4 Kg7 27. hxg5 hxg5 28. c3 Bg6 29. b4 axb4 30. Rxb4 Be8 31. Be2 Rc7 32. Bxb5 Bxb5 33. Rxb5 Ra7 34. c4 dxc4 35. Kc3 Rxa2 36. Kxc4 Kg6 37. Kd4 Kf5 38. Rb4 Ra3 39. Rb8 Ra4+ 40. Ke3 Re4+ 41. Kf3 g4+ 42. Kf2 Kxe5 43. Rb5+ Kf6 44. Rb8 Ra4 45. Rg8 e5 46. Rf8+ Ke6 47. Ke3 Ra3+ 48. Ke4 Rxg3 49. Re8+ Kf6 50. Rxe5 Ra3 51. Rb5 Rf3 52. Ra5 Kg6 53. Rb5 Rf7 54. Ra5 Kh6 55. Rb5 g3 56. Rb3 Rg7 57. Rb1 Kh5 58. Kf3 g2 59. Rg1 Kh4 60. Rxg2 Rxg2 61. Kxg2 1/2-1/2

[Event "White Tower op 5th Balkan Cup"]
[Site "Thessaloniki"]
[Date "2001.12.29"]
[Round "8"]
[White "Stamenkov, Vanco"]
[Black "Stavrakakis, Vasilios"]
[Result "1-0"]
[WhiteElo "2378"]
[BlackElo "2260"]
[PlyCount "59"]
[EventDate "2001.12.21"]
[EventType "swiss"]
[EventRounds "9"]
[EventCountry "GRE"]
[SourceTitle "EXT 2003"]
[Source "ChessBase"]
[SourceDate "2002.11.25"]
[SourceVersion "1"]
[SourceVersionDate "2002.11.25"]
[SourceQuality "1"]

1. Nf3 Nf6 2. c4 c5 3. g3 g6 4. Bg2 Bg7 5. Nc3 0-0 6. d3 d5 7. cxd5 Nxd5 8. Bd2 Nc6 9. 0-0 Nb6 10. b3 Nd4 11. Rc1 Bg4 12. Ne4 Bxf3 13. exf3 Nd7 14. Nxc5 Nxc5 15. Rxc5 Qd6 16. b4 Ne6 17. Be3 Nxc5 18. bxc5 Qa6 19. Qb3 Rad8 20. Rd1 e5 21. f4 Rd7 22. fxe5 Bxe5 23. d4 Rfd8 24. d5 Qe2 25. Bg5 Rc8 26. Bf3 Qb2 27. Qa4 b5 28. cxb6 Rd6 29. bxa7 Qb7 30. Be3 1-0